The Bedinnings of European Theorizing;Reflexivity in the Archaic Age (Record no. 607557)

MARC details
000 -LEADER
fixed length control field 00769nam a2200193 4500
008 - FIXED-LENGTH DATA ELEMENTS--GENERAL INFORMATION
fixed length control field 260108b |||||||| |||| 00| 0 eng d
020 ## - INTERNATIONAL STANDARD BOOK NUMBER
ISBN 9780415101691
Paper back/Hardbound hbk
041 ## - LANGUAGE CODE
Language code of text/sound track or separate title eng
082 ## - DEWEY DECIMAL CLASSIFICATION NUMBER
Classification number 301.01
Item number SAN.2
100 ## - MAIN ENTRY--AUTHOR NAME
Personal name Sandywell,Barry
245 ## - TITLE STATEMENT
Title The Bedinnings of European Theorizing;Reflexivity in the Archaic Age
Sub Title Logological investigations volume 2
Statement of responsibility, etc Barry Sandywell
260 ## - PUBLICATION, DISTRIBUTION, ETC. (IMPRINT)
Place of publication London
Name of publisher Routledge
Year of publication 1996
300 ## - PHYSICAL DESCRIPTION
Number of Pages 429 p.
Other physical details 24 cm.
504 ## - BIBLIOGRAPHY, ETC. NOTE
Bibliography, etc Includes index
520 ## - SUMMARY, ETC.
Summary, etc In this third volume of Logological Investigations Sandywell continues his sociological reconstruction of reflexive thought with reference to pre-Socratic philosophy and science and their socio-<br/><br/>
650 ## - SUBJECT ADDED ENTRY--TOPICAL TERM
Topical Term Pre-Socratic philosophers
942 ## - ADDED ENTRY ELEMENTS (KOHA)
Koha item type English Books
Holdings
Withdrawn status Lost status Damaged status Not for loan Home library Current library Shelving location Date acquired Full call number Accession Number Price effective from Koha item type
        Anna Centenary Library Anna Centenary Library 3RD FLOOR, B WING 23.08.2010 301.01 SAN.2 175912 08.01.2026 English Books

Find us on the map